Library of the University of Algiers 3
Ibrahim Sultan Cheibout
شعار جامعة الجزائر 3
مكتبة جامعة الجزائر 3
إبراهيم سلطان شيبوط

التخطيط بعد عام 2000 / (رقم التسجيلة. 46341)

تفاصيل مارك
000 -LEADER
fixed length control field 01689nam a2200253Ia 4500
003 - CONTROL NUMBER IDENTIFIER
control field Ost
005 - DATE AND TIME OF LATEST TRANSACTION
control field 20260507075803.0
008 - FIXED-LENGTH DATA ELEMENTS--GENERAL INFORMATION
fixed length control field 260507s9999||||xx |||||||||||||| ||und||
020 ## - INTERNATIONAL STANDARD BOOK NUMBER
International Standard Book Number 9789960559070
040 ## - CATALOGING SOURCE
Transcribing agency fsecg
041 ## - LANGUAGE CODE
Language code of text/sound track or separate title ara
082 ## - DEWEY DECIMAL CLASSIFICATION NUMBER
Classification number 352.96
100 ## - MAIN ENTRY--PERSONAL NAME
Personal name ألميندينجر، فيليب
Relator term مؤلف
245 #0 - TITLE STATEMENT
Title التخطيط بعد عام 2000 /
Statement of responsibility, etc. فيليب ألميندينجر
260 ## - PUBLICATION, DISTRIBUTION, ETC.
Place of publication, distribution, etc. المملكة العربية السعودية :
Name of publisher, distributor, etc. النشر العلمي والمطابع,
Date of publication, distribution, etc. 2012
300 ## - PHYSICAL DESCRIPTION
Extent 539 صفحة؛
Other physical details إيضاحات ؛
Dimensions 24 سم
504 ## - BIBLIOGRAPHY, ETC. NOTE
Bibliography, etc. note كشاف مصطلحات ص.523 كشاف موضوعات ص.539 بيبليوغرافيا: ص ص.493-522
520 ## - SUMMARY, ETC.
Summary, etc. يضم التخطيط في الألفية الجديدة، التخطيط والتنمية المستدامة، السياسة البيئية في الألفية، التخطيط الريفي، الأزمة العمرانية، التخطيط ونظام الإسكان، آثار كفاءة الإدارة الحديثة على التخطيط في الألفية، إعادة تأكيد أهمية تخطيط المدن، سياسة النقل، التنمية الاقتصادية المحلية، تخطيط المدن للقرن الحادي والعشرين، التخطيط وأوروبا والقرن الحادي زالعشرون، الإسكان والاقصاء الاجتماعي، التخطيط في المستقبل.
653 ## - INDEX TERM--UNCONTROLLED
Uncontrolled term الإدارة العامة
653 ## - INDEX TERM--UNCONTROLLED
Uncontrolled term التخطيط
700 ## - ADDED ENTRY--PERSONAL NAME
Personal name المعيوف، عبد الإله بن محمد
Relator term مؤلف ثانوي
700 ## - ADDED ENTRY--PERSONAL NAME
Personal name مايكل، تشابمان
Relator term مؤلف ثانوي
942 ## - ADDED ENTRY ELEMENTS (KOHA)
Koha item type كتب
المقتنيات
Withdrawn status Lost status Source of classification or shelving scheme Damaged status Not for loan Home library Current library Date acquired Serial enumeration / chronology Inventory number Total checkouts Full call number Barcode Date last seen Price effective from Koha item type
    Library of Congress Classification   NOT LOAN / إعارة داخلية مكتبة كلية العلوم الإقتصادية والعلوم التجارية وعلوم التسيير مكتبة كلية العلوم الإقتصادية والعلوم التجارية وعلوم التسيير 07/05/2026 الطابق الأرضي 025.21/610   543/025.21ن01 025.21/610 07/05/2026 07/05/2026 كتب

موارد الويب المفتوحة


© University of Algiers 3 All Rights Reserved
|
Implemented by LECHELAH Riad